El poder del Papa.
-д хадгалсан:
| Үндсэн зохиолч: | |
|---|---|
| Формат: | Ном |
| Хэл сонгох: | англи |
| Хэвлэсэн: |
Madrid, España:
PPC,
1997.
|
| Нөхцлүүд: | |
| Шошгууд: |
Шошго нэмэх
Шошго байхгүй, Энэхүү баримтыг шошголох эхний хүн болох!
|
MARC
| LEADER | 00000nam a22000007a 4500 | ||
|---|---|---|---|
| 003 | CL-VaPUC | ||
| 005 | 20250103100420.0 | ||
| 008 | 230726t1997 ||||| |||| 00| 0 eng d | ||
| 999 | |c 441422 |d 441420 | ||
| 020 | |a 84-288-1405-8 | ||
| 040 | |c Pontificia Universidad Católica de Valparaíso | ||
| 082 | |2 22 |a 262.132 RIC 1997 | ||
| 100 | |9 413042 |a Riccardi, Andrea |e autor | ||
| 245 | |a El poder del Papa. | ||
| 260 | |a Madrid, España: |b PPC, |c 1997. | ||
| 300 | |a 432 páginas. | ||
| 500 | |a c.1 Donación Sr. Jorge Precht Pizarro. 26-05-23. Biblioteca Teología. | ||
| 583 | |c 20230726 |k Yessy Sthefany Diaz Vidal | ||
| 650 | 0 | |a Iglesia Católica |x Gobierno |y Siglo 20 |9 256114 | |
| 650 | 0 | |9 258738 |a Papas |x Poder temporal |y Siglo 20 | |
| 942 | |2 ddc |c BK | ||
| 952 | |0 0 |1 0 |2 ddc |4 0 |6 262_132000000000000_RIC_1997 |7 0 |8 A |9 590973 |a BIBTEO |b BIBTEO |c GEN |d 2023-07-26 |e Donación |i 5658149 |o 262.132 RIC 1997 |p 5658149 |r 2025-01-17 |t 1 |w 2023-07-26 |y BK |k ICR | ||